Welcome to Marium Abdulla Library

Embrace knowledge with a breath of fresh air.

Browse Collection

Marium Abdulla Library

Graduate directory (2007) (Record no. 14670)

MARC details
000 -LEADER
fixed length control field 00466nam a22001697a 4500
001 - CONTROL NUMBER
control field 21018
003 - CONTROL NUMBER IDENTIFIER
control field IVS
005 - DATE AND TIME OF LATEST TRANSACTION
control field 20250626031031.0
008 - FIXED-LENGTH DATA ELEMENTS--GENERAL INFORMATION
fixed length control field 230125b |||||||| |||| 00| 0 eng d
040 ## - CATALOGING SOURCE
Transcribing agency IVS
082 ## - DEWEY DECIMAL CLASSIFICATION NUMBER
Edition information 23
Classification number 378 IND
110 ## - MAIN ENTRY--CORPORATE NAME
Corporate name or jurisdiction name as entry element Indus Valley School of Art & Architecture
245 ## - TITLE STATEMENT
Title Graduate directory (2007)
260 ## - PUBLICATION, DISTRIBUTION, ETC.
Place of publication, distribution, etc. Karachi:
Name of publisher, distributor, etc. /Indus Valley School of Art & Architecture,
Date of publication, distribution, etc. 2007.
300 ## - PHYSICAL DESCRIPTION
Extent 115 p.
Other physical details :illustrations.
942 ## - ADDED ENTRY ELEMENTS (KOHA)
Source of classification or shelving scheme Dewey Decimal Classification
Koha item type
Suppress in OPAC No
Holdings
Date last seen Total checkouts Full call number Barcode Price effective from Koha item type Lost status Source of classification or shelving scheme Damaged status Not for loan Collection Withdrawn status Home library Current library Shelving location Date acquired Source of acquisition
01/25/2023   378 IND 21018 01/25/2023     Dewey Decimal Classification     Administration   Marium Abdulla Library Marium Abdulla Library Archives 01/25/2023 by Syed Akeel Bilgrami